| 000 | 00496nam a2200205Ia 4500 | ||
|---|---|---|---|
| 003 | GCL | ||
| 008 | 140319s9999 xx 000 0 eng d | ||
| 040 |
_aGCL / _cGCL |
||
| 082 | 0 | 4 |
_a549 _bB M |
| 100 | 1 | _aBATTY, M.H | |
| 245 | 1 | 0 |
_aMINEROLOGY FOR STUDENTS / _cBATTY, M.H |
| 700 | 1 | _aPRING, A | |
| 260 |
_a[S.N] : _bLONGMAN ، _c1997 |
||
| 300 | _a363 P | ||
| 650 | 0 | 4 | _aMINERALS |
| 650 | 0 | 4 | _aPHYSICAL GEOLOGY |
| 650 | 0 | 4 | _aMINEROLOGY |
| 650 | 0 | 4 | _aCHEMISTRY - ANALYTIC |
| 942 |
_2ddc _cBK |
||
| 999 |
_c16016 _d16016 |
||